[Event "Kimry-ch"]
[Site "Kimry"]
[Date "2015.01.05"]
[Round "7"]
[White "Nagaytseva, Marina"]
[Black "Guseva, Antonina"]
[Result "1-0"]
[WhiteElo "1548"]
[BlackElo "1701"]
[PlyCount "73"]
[EventDate "2015.01.02"]
[EventType "swiss"]
[EventRounds "9"]
[EventCountry "RUS"]
[SourceTitle "CBM 164 Extra"]
[Source "ChessBase"]
[SourceDate "2015.03.02"]
[SourceVersion "1"]
[SourceVersionDate "2015.03.02"]
[SourceQuality "1"]

1. e4 g6 2. d4 Bg7 3. Nf3 b6 4. Nc3 Bb7 5. Bc4 e6 6. 0-0 d6 7. Re1 Ne7 8. Bb3 Nd7 9. Qd3 0-0 10. a3 a6 11. h4 Nf6 12. Nh2 h5 13. f3 c5 14. Ne2 e5 15. d5 b5 16. c4 Qb6 17. Bg5 Rfe8 18. Bc2 bxc4 19. Qxc4 a5 20. Rab1 Ba6 21. Qc3 Rab8 22. Kh1 Nh7 23. Bd2 Bxe2 24. Rxe2 Ra8 25. Ba4 Reb8 26. g4 Nf6 27. Rg2 Kh7 28. Bg5 Qc7 29. Rbg1 Rg8 30. Qd2 Rab8 31. Qe3 Ra8 32. Nf1 Rac8 33. Ng3 Qd8 34. Bxf6 Bxf6 35. gxh5 gxh5 36. Nxh5 Bxh4 37. Nf6+ 1-0

[Event "Kimry-ch"]
[Site "Kimry"]
[Date "2015.01.03"]
[Round "2"]
[White "Burov, Vyacheslav"]
[Black "Guseva, Antonina"]
[Result "0-1"]
[WhiteElo "1069"]
[BlackElo "1701"]
[PlyCount "102"]
[EventDate "2015.01.02"]
[EventType "swiss"]
[EventRounds "9"]
[EventCountry "RUS"]
[SourceTitle "CBM 164 Extra"]
[Source "ChessBase"]
[SourceDate "2015.03.02"]
[SourceVersion "1"]
[SourceVersionDate "2015.03.02"]
[SourceQuality "1"]

1. e4 g6 2. Nf3 Bg7 3. g3 b6 4. Bg2 Bb7 5. e5 e6 6. 0-0 Ne7 7. Nc3 0-0 8. d3 d6 9. Ng5 Bxg2 10. Kxg2 Bxe5 11. Qf3 Nd7 12. Qg4 h5 13. Qf3 Bg7 14. Nb5 Ne5 15. Qd1 Nf5 16. Re1 Bh6 17. Ne4 h4 18. g4 h3+ 19. Kxh3 Qh4+ 20. Kg2 Nxg4 21. Rh1 Bg7 22. Bg5 Qh5 23. h3 Ne5 24. Bf6 Qxd1 25. Raxd1 Rfc8 26. d4 Nd7 27. Bxg7 Kxg7 28. d5 exd5 29. Rxd5 c6 30. Rxf5 gxf5 31. Nexd6 cxb5 32. Nxc8 Rxc8 33. Rd1 Nf6 34. c3 Rc7 35. Rd4 Rd7 36. Rxd7 Nxd7 37. Kf3 Ne5+ 38. Kf4 Nd3+ 39. Kxf5 Nxf2 40. h4 Nd1 41. h5 Nxb2 42. Kg5 Nd1 43. h6+ Kh7 44. Kf6 Nxc3 45. Kxf7 Nxa2 46. Ke6 b4 47. Kd5 b3 48. Kc4 b2 49. Kb3 b1Q+ 50. Ka3 Nc1 51. Ka4 Qb3# 0-1

[Event "Kimry Summer op 66th"]
[Site "Kimry"]
[Date "2013.06.11"]
[Round "7"]
[White "Voropaev, Pavel"]
[Black "Guseva, Antonina"]
[Result "0-1"]
[WhiteElo "1272"]
[BlackElo "1672"]
[PlyCount "92"]
[EventDate "2013.06.08"]
[EventType "swiss"]
[EventRounds "7"]
[EventCountry "RUS"]
[SourceTitle "CBM 155 Extra"]
[Source "ChessBase"]
[SourceDate "2013.08.26"]
[SourceVersion "1"]
[SourceVersionDate "2013.08.26"]
[SourceQuality "1"]

1. e4 c5 2. Nf3 Nc6 3. d4 cxd4 4. Nxd4 d5 5. Nc3 dxe4 6. Nxc6 Qxd1+ 7. Nxd1 bxc6 8. Nc3 f5 9. Bc4 Nf6 10. Bg5 h6 11. Bxf6 exf6 12. 0-0-0 Bd7 13. Rd2 0-0-0 14. Rhd1 Bc5 15. Ba6+ Kc7 16. Na4 Bb6 17. Nxb6 axb6 18. Bb7 c5 19. Bd5 Bc6 20. Be6 g6 21. Bf7 g5 22. Bd5 Rhf8 23. c4 Bxd5 24. cxd5 Rd6 25. Kc2 Rfd8 26. Kc3 b5 27. b4 c4 28. Rd4 Ra8 29. R4d2 Ra3+ 30. Kd4 Kb6 31. Rc2 Rd3+ 32. Rxd3 exd3 33. Rd2 Rd8 34. a3 Re8 35. Kc3 Re5 36. d6 Rd5 37. Kb2 Rxd6 38. Kc1 Re6 39. Kd1 Kc6 40. h3 Kd5 41. f3 Kd4 42. f4 Kc3 43. g3 Re2 44. Rxe2 dxe2+ 45. Kxe2 Kb2 46. Kd2 c3+ 0-1

[Event "Kimry Summer op 66th"]
[Site "Kimry"]
[Date "2013.06.09"]
[Round "3"]
[White "Struzhkin, Denis"]
[Black "Guseva, Antonina"]
[Result "1-0"]
[WhiteElo "2084"]
[BlackElo "1672"]
[PlyCount "101"]
[EventDate "2013.06.08"]
[EventType "swiss"]
[EventRounds "7"]
[EventCountry "RUS"]
[SourceTitle "CBM 155 Extra"]
[Source "ChessBase"]
[SourceDate "2013.08.26"]
[SourceVersion "1"]
[SourceVersionDate "2013.08.26"]
[SourceQuality "1"]

1. e4 c5 2. Nf3 Nc6 3. d4 cxd4 4. Nxd4 d5 5. Nxc6 bxc6 6. exd5 Qxd5 7. Nc3 Qxd1+ 8. Kxd1 Bg4+ 9. f3 0-0-0+ 10. Ke1 Bf5 11. Bf4 Kb7 12. Ne4 Bxe4 13. fxe4 Nf6 14. Bd3 e5 15. Bg5 Bb4+ 16. Ke2 Rd6 17. Rhf1 Rg8 18. Rf5 Re8 19. Raf1 a5 20. Bxf6 gxf6 21. c3 Bc5 22. Rxf6 Rxf6 23. Rxf6 Kb6 24. Rxf7 Re7 25. Rf6 Rg7 26. Kf3 Rd7 27. Ke2 Rg7 28. Kf1 Rd7 29. Rf3 a4 30. g4 Rg7 31. Rg3 Rf7+ 32. Kg2 Rf2+ 33. Kh3 Rxb2 34. Bc4 Rf2 35. g5 Rf4 36. Bg8 Rxe4 37. Bxh7 Rf4 38. g6 Bf8 39. g7 Bxg7 40. Rxg7 e4 41. Re7 Rf3+ 42. Kg2 Rxc3 43. Bxe4 Re3 44. Kf2 Rh3 45. Rh7 Rc3 46. h4 Rc4 47. Ke3 Rb4 48. Rh6 Rc4 49. Rxc6+ Rxc6 50. Bxc6 Kxc6 51. h5 1-0

[Event "Konakovo Chervonny op"]
[Site "Konakovo"]
[Date "2011.09.22"]
[Round "1"]
[White "Popelyshev, Igor Viktorovich"]
[Black "Guseva, Antonina"]
[Result "1-0"]
[WhiteElo "2154"]
[BlackElo "1621"]
[PlyCount "54"]
[EventDate "2011.09.22"]
[EventType "swiss"]
[EventRounds "7"]
[EventCountry "RUS"]
[SourceTitle "EXT 2012"]
[Source "ChessBase"]
[SourceDate "2011.11.24"]
[SourceVersion "1"]
[SourceVersionDate "2011.11.24"]
[SourceQuality "1"]

1. e4 c6 2. Nc3 d5 3. Nf3 Bg4 4. Be2 Bxf3 5. Bxf3 e6 6. d4 Bb4 7. 0-0 Bxc3 8. bxc3 Ne7 9. Qd3 Nd7 10. exd5 cxd5 11. c4 dxc4 12. Qxc4 Rc8 13. Qa4 Qb6 14. Ba3 Qa6 15. Qb4 0-0 16. Qxe7 Rfd8 17. Rab1 b6 18. d5 Qc4 19. dxe6 Qxe6 20. Rbd1 Qf5 21. Bc6 Qxc2 22. Rxd7 Rxd7 23. Bxd7 Rb8 24. Be8 h6 25. Qxf7+ Kh7 26. Bd6 Rxe8 27. Qxe8 Qxa2 1-0